00423 2200157 4500001002100000005001500021035002000036245006600056100001700122300002600139260004400165082000800209084001400217020002200231990001200253INLIS00000000000258420250605015820 a0010-06250001701 aMakanan Sehat & Gizi Anak Usia Dini /cDr. Eko Setiawan, M.Pd0 aEko Setiawan a104 hlm ;c15 x 23 cm aJakarta :bEsensi Erlangga Group,c2023 a600 a600 EKO m a978-623-266-865-2 a0754873